Герои труда (Запись № 1752958)

Подробности
000 -МАРКЕР
контрольное поле 01493nam0a2200301 4500
001 - ИДЕНТИФИКАТОР ЗАПИСИ
контрольное поле RU\NLR\bibl\1799606
005 - ИДЕНТИФИКАТОР ВЕРСИИ
контрольное поле 20260406124254.0
010 ## - МЕЖДУНАРОДНЫЙ СТАНДАРТНЫЙ НОМЕР КНИГИ (ISBN)
Номер (ISBN) 978-5-295-05228-6
Тираж 2000
021 ## - НОМЕР ГОСУДАРСТВЕННОЙ РЕГИСТРАЦИИ
Код страны Российская Федерация
Номер 2011-54766
Номер Листа государственной регистраци 3902
035 ## - ДРУГИЕ СИСТЕМНЫЕ НОМЕРА
Идентификатор записи (NLR Aleph) 001790278
100 ## - ДАННЫЕ ОБЩЕЙ ОБРАБОТКИ
Данные общей обработки 20110817d2011 |||y0rusy50 ca
101 0# - ЯЗЫК РЕСУРСА
Язык текста, звукозаписи и т.д. русский
102 ## - СТРАНА ПУБЛИКАЦИИ ИЛИ ПРОИЗВОДСТВА
Страна публикации Российская Федерация
105 ## - ПОЛЕ КОДИРОВАННЫХ ДАННЫХ: ТЕКСТОВЫЕ МАТЕРИАЛЫ, МОНОГРАФИЧЕСКИЕ
Кодированные данные о монографическом текстовом документе a |||||||||
200 1# - ЗАГЛАВИЕ И СВЕДЕНИЯ ОБ ОТВЕТСТВЕННОСТИ
Основное заглавие Герои труда
Сведения, относящиеся к заглавию [справочник]
Первые сведения об ответственности Упр. по делам арх. Респ. Башкортостан, Центр. гос. арх. обществ. об-ний Респ. Башкортостан
Последующие сведения об ответственности [сост.: Р.А. Валишин и др.]
-- [редкол.: ... Р.А. Валишин (отв. ред.) и др.]
210 ## - ПУБЛИКАЦИЯ, РАСПРОСТРАНЕНИЕ И ДР.
Место издания, распространения и т.д. Уфа
Имя издателя, распространителя и т. д. Китап
Дата издания, распространения и т.д. 2011
215 ## - ФИЗИЧЕСКАЯ ХАРАКТЕРИСТИКА
Специфическое обозначение материала и объем 430, [1] с.
Другие сведения о физической характеристике ил.
Размеры 25
606 1# - НАИМЕНОВАНИЕ ТЕМЫ КАК ПРЕДМЕТ
Наименование темы Герои Социалистического Труда
Формальный подзаголовок Биографические словари
Географический подзаголовок Башкирская АССР
Системный номер авторитетной/нормативной записи 1392980
Идентификатор авторитетной/нормативной записи RU\NLR\auth\66272633
686 ## - ИНДЕКСЫ ДРУГИХ КЛАССИФИКАЦИЙ
Индекс У24(2)359.2(2Р-6Б)я21
702 #1 - ИМЯ ЛИЦА - ВТОРИЧНАЯ ОТВЕТСТВЕННОСТЬ
Код отношения Составитель
Материалы, к которым относится поле rus
Графика поля Кириллица
Начальный элемент ввода Валишин
Часть имени, кроме начального элемента ввода Р. А.
Расширение инициалов личного имени Рафкат Ахматович
Идентификатор авторитетной/нормативной записи RU\NLR\auth\77105988
Системный номер авторитетной/нормативной записи 88913
712 02 - НАИМЕНОВАНИЕ ОРГАНИЗАЦИИ - ВТОРИЧНАЯ ОТВЕТСТВЕННОСТЬ
Код отношения Прочие
Начальный элемент ввода Центральный государственный архив общественных объединений Республики Башкортостан
Идентифицирующий признак Уфа
Идентификатор авторитетной/нормативной записи RU\NLR\AUTH\8817120
Системный номер авторитетной/нормативной записи 307484
801 #0 - ИСТОЧНИК ЗАПИСИ
Страна Российская Федерация
Организация NLR
Дата составления 20110817
Правила каталогизации RCR
801 #1 - ИСТОЧНИК ЗАПИСИ
Страна Российская Федерация
Организация NLR
Дата составления 20110817
942 ## - ДОПОЛНИТЕЛЬНЫЕ ЭЛЕМЕНТЫ ЗАПИСИ (АБИС)
Тип экземпляра АБИС Книга
980 ## - КОЛЛЕКЦИЯ
Название коллекции Национальная библиография
980 ## - КОЛЛЕКЦИЯ
Название коллекции НБР
Экземпляры
Тип экземпляра Дата поступления Источник поступления Библиотека постоянного хранения Библиотека текущего хранения Место хранения Шифр хранения Штрих-код Статус экземпляра
Книга 17.08.2011 Обязательный экземпляр РНБ (Московский) РНБ (Московский) Центральная справочная библиотека С 2011-3/51 1-674341  
Книга 17.08.2011 Обязательный экземпляр РНБ (Московский) РНБ (Московский) Центральная справочная библиотека С 2011-3/51 1-674345